000 nam a22 7a 4500
999 _c336572
_d336572
003 IT-MiCISF
005 20170403173535.0
008 170403b xxu||||| |||| 00| 0 eng d
040 _cIT-MiCISF
041 _ait
100 _aGaiani Serena
_956344
245 _aQuesto bimbo a chi lo do
_bAsilo nido, nonni, babysitter...
260 _aCinisello B. (MI)
_bSan Paolo
_c2006
300 _app. 125
500 _agenitorialità, educazione-bambini, crescita-bambini, servizi-infanzia, rapporti-nonni-nipoti, operatori
520 _aA chi affidare il proprio bambino? È la domanda che solitamente precede il reinserimento lavorativo della madre, o che si fa avanti quando gli impegni di tutti i giorni pongono i genitori nella condizione di rivolgersi a qualcuno altro che non siano loro stessi per la cura e la crescita del proprio figlio. Alla nonna? Alla suocera? All'asilo nido? E quale asilo nido? Alla tata (o baby-sitter)? A una ragazza alla pari? A una badante extracomunitaria?... A volte la scelta è possibile, ma molte volte la scelta è obbligata. Questo volume intende allora discutere quali sono i pro e i contro di ciascuna di queste scelte, e di come incidono sull'educazione del bambino, sulla relazione di coppia e sulla vita della famiglia.
650 _aetà-evolutiva
_956123
654 _asaggio
942 _2ddc
_cBK